000 00314nam a2200109Ia 4500
008 200302s9999 xx 000 0 und d
100 _aA. N. Agrawal
245 _aIndian Economy Problems of Development & Planning 34th ed
260 _bNew Age International Pvt. Ltd. Publishers
260 _c2008
300 _a745 P.,
999 _c2571
_d2571